000 00536nam a22002057a 4500
005 20250318152741.0
008 250318b |||||||| |||| 00| 0 eng d
020 _a9789364371063
_c995.00
040 _aMAIN
041 _aEnglish
082 _a540.76
_bGUP
100 _aGupta, Preeti
245 _aNTA CSIR UGC NET/SET JRF and Lectureship
_b: Chemical Science
260 _aNew Delhi
_bArihant
300 _a1364
650 _aChemistry
700 _aTomar, Aditya
_916674
700 _aSharma, Naveen
_916675
942 _cBK
999 _c59490
_d59490